Retrato de los jesuitas formado al natural por los mas sábios, y mas ilustres cathólicos : (Record no. 163367)

MARC details
000 -LEADER
campo de control de longitud fija 01174nam a2200241 i 4500
001 - NÚMERO DE CONTROL
campo de control 163367
003 - IDENTIFICADOR DE NÚMERO DE CONTROL
campo de control ES-MaACL
005 - FECHA Y HORA DE LA ÚLTIMA TRANSACCIÓN
campo de control 20250820095206.0
008 - DATOS DE LONGITUD FIJA--INFORMACIÓN GENERAL
campo de control de longitud fija 931025s1768 sp |||| | spa d
040 ## - FUENTE DE CATALOGACIÓN
Centro catalogador/agencia de origen CAM
Lengua de catalogación spa
Centro/agencia transcriptor PAB
245 00 - MENCIÓN DEL TÍTULO
Título Retrato de los jesuitas formado al natural por los mas sábios, y mas ilustres cathólicos :
Resto del título juicio hecho de los Jesuitas ... desde el año de 1540 ... hasta el de 1650 /
Mención de responsabilidad, etc. traducido de portugues en castellano ...
250 ## - MENCION DE EDICION
Mención de edición Segunda impresion.
260 ## - PUBLICACIÓN, DISTRIBUCIÓN, ETC.
Lugar de publicación, distribución, etc. En Madrid :
Nombre del editor, distribuidor, etc. En la Oficina de la viuda de Eliseo Sanchez,
Fecha de publicación, distribución, etc. 1768.
300 ## - DESCRIPCIÓN FÍSICA
Extensión [2], 282, [8] p. ;
Dimensiones 4º.
530 ## - NOTA DISPONIBLE DE FORMULARIO FÍSICO ADICIONAL
Nota de formato físico adicional disponible Disponible en formato digital.
597 ## - NOTA DE DESCRIPCIÓN FÍSICA
NOTA DE DESCRIPCIÓN FÍSICA Sign. : Sign.: ¶4, A-Z4.
597 ## - NOTA DE DESCRIPCIÓN FÍSICA
NOTA DE DESCRIPCIÓN FÍSICA Texto con apostillas marginales.
610 24 - PUNTO DE ACCESO ADICIONAL DE MATERIA--NOMBRE DE ENTIDAD CORPORATIVA
Nombre de entidad corporativa o nombre de jurisdicción como elemento de entrada Jesuitas-
Subdivisión general Historia
9 (RLIN) 5353
852 ## - LOCALIZACIÓN
Ubicación ES-MaACL
Número de control de estantería R-3361
itemnumber 169533
Signatura antigua Olim: G-2644
Nota libre Cotejado con la relación de obras recuperadas expediente Robo
-- Cambio de signatura. Datos tomados del fichero topográfico R
Encuadernación Encuadernación en pergamino
Designación de la unidad física Vol.1
856 ## - LOCALIZACIÓN Y ACCESO ELECTRÓNICOS
Identificador Uniforme de Recursos <a href="http://bdh-rd.bne.es/viewer.vm?id=0000087451&page=1 ">http://bdh-rd.bne.es/viewer.vm?id=0000087451&page=1 </a>
Nota pública Biblioteca Digital Hispánica
942 ## - ELEMENTOS DE ENTRADA SECUNDARIOS (KOHA)
Fuente del sistema de clasificación o colocación Clasificación decimal universal
Holdings
Estatus retirado Estado de pérdida Estado de daño No para préstamo Colección Biblioteca de origen Biblioteca actual Ubicación en estantería Fecha de adquisición Fuente de adquisición Total de préstamos Signatura topográfica completa Código de barras Visto por última vez Precio de reemplazo Tipo de ítem Koha
        Colección digital Biblioteca del Ateneo de Madrid Biblioteca del Ateneo de Madrid Depósito 17/01/2008     R-3361 1171193 23/02/2023 23/02/2023 Libro impreso antiguo